00495nam a22001697a 4500003000400000020001800004082001700022100002200039245003100061250001200092260005300104300000800157650001900165942001200184952011200196999001700308SGT a9788181914514 a617.63bT16S aShivhare, Peeyush aTextbook of Oral Radiology a1st Ed. aHyderabad, IndiabParas Medical Publishersc2016 a244 aOral Radiology 2ddccBK 00102ddc405171aFDbFDcREFd2025-08-21iSGTUo617.63 T16SpFD9732r2025-08-21 00:00:00w2025-08-21yBK c32304d32304